| 000 | 01353nam a22003857a 4500 | ||
|---|---|---|---|
| 003 | CHAP | ||
| 005 | 20220329134535.0 | ||
| 008 | 971013s1994 r 00010 d | ||
| 010 | _a21861 | ||
| 011 | _a22833 | ||
| 035 | _a26928 | ||
| 040 | _cCHAP | ||
| 090 | _aTesis | ||
| 100 | 0 | 0 |
_aRuiz Arias, Jesús. _9100606 |
| 245 | _aInteracción Fe-Zn en la producción de maíz (Zea maiz L.) elotero del criollo regional blanco alemán | ||
| 260 |
_aMarin, N.L. : _bEl autor, _c1994 |
||
| 300 |
_a91 h. _b; gráfs. |
||
| 502 | _aTesis (Ing. Agr. Fitotecnista) -- Universidad Autónoma de Nuevo León. Facultad de Agronomía | ||
| 590 |
_aALEPH _b10 _c20130110 _lUCH01 _h1246 |
||
| 590 |
_aBATCH-UPD _b10 _c20130110 _lUCH01 _h0104 |
||
| 590 |
_aBATCH-UPD _b10 _c20130110 _lUCH01 _h1448 |
||
| 590 |
_aBATCH-UPD _b10 _c20130409 _lUCH01 _h2054 |
||
| 590 |
_aBATCH-UPD _b10 _c20130410 _lUCH01 _h0916 |
||
| 590 |
_aBATCH-UPD _b10 _c20130914 _lUCH01 _h1359 |
||
| 590 |
_aCONVERSION _b10 _c20130109 _lUCH01 _h1313 |
||
| 650 | 1 | 4 |
_aFertilización foliar. _940445 |
| 650 | 1 | 4 |
_aHierro _xEfecto en maíz. _955296 |
| 650 | 1 | 4 |
_aMaíz _xFertilización. _970956 |
| 650 | 1 | 4 |
_aMaíz _xNuevo León. _971029 |
| 650 | 1 | 4 |
_aMaíz _xVariedades. _971081 |
| 650 | 1 | 4 |
_aZinc _xEfecto en maíz. _9124061 |
| 901 | _aBK | ||
| 942 | _cTESIS | ||
| 949 |
_bBC _cTES _d-62158 _eTS1 _h27249 _i26928 _si |
||
| 999 |
_c21861 _d21861 |
||